[Event "NRW Class2 1415"]
[Site "Germany"]
[Date "2015.03.22"]
[Round "8.8"]
[White "Rohovoy, Dimitrij"]
[Black "Heynen, Martin"]
[Result "0-1"]
[WhiteElo "1915"]
[BlackElo "1930"]
[PlyCount "118"]
[EventDate "2014.09.14"]
[EventType "team-tourn"]
[EventRounds "9"]
[EventCountry "GER"]
[SourceTitle "EXT 2017"]
[Source "ChessBase"]
[SourceDate "2016.10.25"]
[SourceVersion "1"]
[SourceVersionDate "2016.10.25"]
[SourceQuality "1"]
[WhiteTeam "Castrop Rauxel"]
[BlackTeam "Wuppertal Bahn"]
[WhiteTeamCountry "GER"]
[BlackTeamCountry "GER"]

1. d4 Nf6 2. c4 e6 3. Nc3 Bb4 4. Nf3 c5 5. e3 0-0 6. Qc2 Nc6 7. Bd3 cxd4 8. exd4 d5 9. a3 dxc4 10. Bxc4 Nxd4 11. Nxd4 Qxd4 12. Bd3 Qe5+ 13. Be2 Bxc3+ 14. bxc3 Bd7 15. Bb2 Bc6 16. 0-0 Qg5 17. f3 Qc5+ 18. Kh1 Nd5 19. c4 f6 20. Qe4 Nc7 21. Qh4 Qe7 22. Bd3 g6 23. Rae1 Rad8 24. Bb1 Qf7 25. Rf2 e5 26. Rfe2 Ne6 27. Ba2 Nf4 28. Rc2 Nd3 29. Rb1 Nxb2 30. Rcxb2 Rd4 31. Qf2 Qd7 32. Re1 Rd8 33. Rbe2 Rd2 34. h3 Rxe2 35. Rxe2 Qd4 36. Kh2 Qxf2 37. Rxf2 Kf8 38. Re2 Rd4 39. Kg3 Ke7 40. Rc2 Rd3 41. c5 e4 42. Re2 Kd7 43. Bb1 Rxa3 44. Bxe4 Bxe4 45. Rxe4 Rc3 46. Rh4 Rxc5 47. Rxh7+ Kc6 48. Rg7 a5 49. Kf2 a4 50. Rxg6 a3 51. Rxf6+ Kb5 52. Re6 Ka4 53. Re1 b5 54. f4 b4 55. Ke3 a2 56. Kd4 Rc2 57. f5 b3 58. f6 b2 59. f7 Rf2 0-1

[Event "Ruhrgebiet Verbandsliga2 1112"]
[Site "Nordrheinwestfalen"]
[Date "2011.12.11"]
[Round "4.5"]
[White "Heinzel, Peter"]
[Black "Rohovoy, Dimitrij"]
[Result "0-1"]
[WhiteElo "1969"]
[BlackElo "1869"]
[PlyCount "48"]
[EventDate "2011.09.18"]
[EventType "team-tourn"]
[EventRounds "9"]
[EventCountry "GER"]
[SourceTitle "EXT 2020"]
[Source "ChessBase"]
[SourceDate "2019.10.17"]
[SourceVersion "1"]
[SourceVersionDate "2019.10.17"]
[SourceQuality "1"]
[WhiteTeam "Muelheim SC"]
[BlackTeam "Recklinghausen Altstadt"]
[WhiteTeamCountry "GER"]
[BlackTeamCountry "GER"]

1. b4 Nf6 2. Bb2 e6 3. a3 d5 4. e3 Bd6 5. c4 c6 6. f4 0-0 7. Nf3 Nbd7 8. Qc2 a5 9. c5 Be7 10. d4 b6 11. Bd3 Ba6 12. Nc3 Bxd3 13. Qxd3 Qc7 14. 0-0 Rfb8 15. Qd2 Qb7 16. Rfb1 axb4 17. axb4 Rxa1 18. Bxa1 Ne4 19. Qc2 Ndf6 20. Nd2 Nxd2 21. Qxd2 bxc5 22. b5 cxb5 23. Rxb5 Qa7 24. Qb2 Ra8 0-1

[Event "Oberhausen op"]
[Site "Oberhausen"]
[Date "2011.04.22"]
[Round "2"]
[White "Becker, Marcel"]
[Black "Rohovoy, Dimitrij"]
[Result "1-0"]
[WhiteElo "2387"]
[BlackElo "2041"]
[PlyCount "95"]
[EventDate "2011.04.21"]
[EventType "swiss"]
[EventRounds "7"]
[EventCountry "GER"]
[SourceTitle "CBM 142 Extra"]
[Source "ChessBase"]
[SourceDate "2011.06.27"]
[SourceVersion "1"]
[SourceVersionDate "2011.06.27"]
[SourceQuality "1"]

1. d4 Nf6 2. Nf3 e6 3. c4 d5 4. Nc3 Be7 5. cxd5 exd5 6. Bg5 0-0 7. e3 Bg4 8. Qb3 Bxf3 9. gxf3 Nbd7 10. Rg1 Nb6 11. 0-0-0 Kh8 12. Bd3 c6 13. Rg2 Nh5 14. Rdg1 Bxg5 15. Rxg5 g6 16. f4 f6 17. R5g2 f5 18. Rg5 Qe7 19. h4 Nf6 20. Be2 Rg8 21. Qc2 Ne4 22. Nxe4 Qxe4 23. Bd3 Qe7 24. h5 gxh5 25. Bxf5 Rxg5 26. fxg5 Rg8 27. g6 hxg6 28. Bxg6 Qf6 29. f4 Rg7 30. f5 Nc4 31. Qf2 Kg8 32. Qf4 Qd6 33. f6 Qxf4 34. exf4 Rc7 35. Bxh5+ Kf8 36. f7 Rxf7 37. Bxf7 Kxf7 38. Rh1 Kg6 39. b3 Nd6 40. Kd2 a6 41. Rh8 Kf5 42. Ke3 Ne4 43. Rf8+ Ke6 44. Re8+ Kf5 45. Re5+ Kf6 46. Rxe4 dxe4 47. Kxe4 Ke6 48. d5+ 1-0

[Event "Solingen Karneval op"]
[Site "Solingen"]
[Date "2011.03.05"]
[Round "2"]
[White "Meijers, Viesturs"]
[Black "Rohovoy, Dimitrij"]
[Result "1-0"]
[WhiteElo "2493"]
[BlackElo "2041"]
[PlyCount "109"]
[EventDate "2011.03.04"]
[EventType "swiss"]
[EventRounds "5"]
[EventCountry "GER"]
[SourceTitle "EXT 2015"]
[Source "ChessBase"]
[SourceDate "2014.11.20"]
[SourceVersion "1"]
[SourceVersionDate "2014.11.20"]
[SourceQuality "1"]

1. d4 Nf6 2. Bg5 e6 3. e4 Be7 4. e5 Nd5 5. Bd2 c5 6. c4 Nb6 7. dxc5 Bxc5 8. Nf3 Nc6 9. a3 d5 10. exd6 Bxd6 11. Nc3 Ne5 12. Nb5 0-0 13. Bc3 Nxf3+ 14. Qxf3 Bb8 15. Rd1 Qg5 16. h4 Qf4 17. Qxf4 Bxf4 18. g3 Bb8 19. Bb4 Re8 20. b3 a6 21. Nd6 Bxd6 22. Rxd6 Nd7 23. Bg2 a5 24. Bc3 Nc5 25. b4 axb4 26. axb4 Nd7 27. Ke2 Ra2+ 28. Bd2 Nf6 29. Rc1 e5 30. Ke1 e4 31. Be3 Ng4 32. Rd2 Rxd2 33. Kxd2 Rd8+ 34. Ke2 Nxe3 35. Kxe3 f5 36. Bf1 Be6 37. Ra1 Kf7 38. Ra7 Rd7 39. c5 Kf6 40. Bb5 Re7 41. Kd4 Bb3 42. c6 bxc6 43. Rxe7 Kxe7 44. Bxc6 Kd6 45. Ba8 Ba4 46. Bd5 h6 47. g4 fxg4 48. Bxe4 g5 49. h5 Bb5 50. Bd3 Be8 51. Bg6 Bb5 52. Ke4 Ke6 53. Bf5+ Kd6 54. Bxg4 Be8 55. Be2 1-0

[Event "Solingen Karneval op"]
[Site "Solingen"]
[Date "2011.03.04"]
[Round "1"]
[White "Rohovoy, Dimitrij"]
[Black "Reksten, Daniel"]
[Result "1-0"]
[WhiteElo "2041"]
[BlackElo "1761"]
[PlyCount "75"]
[EventDate "2011.03.04"]
[EventType "swiss"]
[EventRounds "5"]
[EventCountry "GER"]
[SourceTitle "EXT 2015"]
[Source "ChessBase"]
[SourceDate "2014.11.20"]
[SourceVersion "1"]
[SourceVersionDate "2014.11.20"]
[SourceQuality "1"]

1. d4 d5 2. c4 e6 3. Nc3 Be7 4. Nf3 Nf6 5. e3 Nbd7 6. Bd3 b6 7. 0-0 Bb7 8. Qe2 0-0 9. Rd1 c5 10. b3 Rc8 11. Bb2 dxc4 12. bxc4 a6 13. Rac1 Qc7 14. Nd2 Rfd8 15. Nde4 Nxe4 16. Nxe4 Nf6 17. Ng3 Rd7 18. Qc2 h6 19. Qb3 cxd4 20. Bxd4 b5 21. cxb5 Qxc1 22. Rxc1 Rxc1+ 23. Nf1 axb5 24. Qxb5 Rdc7 25. a4 Be4 26. Be2 Bd5 27. a5 Rc8 28. a6 Bc4 29. Bxc4 R1xc4 30. Qb7 R4c7 31. Qf3 Nd5 32. e4 Nb4 33. Qg3 Bf8 34. a7 Rd7 35. Be3 Kh7 36. Qb8 Rdd8 37. Qb7 Kg8 38. Bb6 1-0

[Event "Moehnesee Cup 36th"]
[Site "Moehnesee"]
[Date "2010.08.26"]
[Round "1"]
[White "Rohovoy, Dimitrij"]
[Black "Weissbeck, Peter"]
[Result "1/2-1/2"]
[WhiteElo "1875"]
[BlackElo "2049"]
[PlyCount "65"]
[EventDate "2010.08.26"]
[EventType "swiss"]
[EventRounds "7"]
[EventCountry "GER"]
[SourceTitle "EXT 2011"]
[Source "ChessBase"]
[SourceDate "2010.11.26"]
[SourceVersion "1"]
[SourceVersionDate "2010.11.26"]
[SourceQuality "1"]

1. d4 d5 2. c4 c6 3. Nc3 Nf6 4. Nf3 a6 5. b3 Bg4 6. Ne5 Bf5 7. e3 e6 8. Be2 Bb4 9. Bd2 Qa5 10. Qc1 Ne4 11. Nxe4 Bxe4 12. f3 Bxd2+ 13. Qxd2 Qxd2+ 14. Kxd2 Bg6 15. h4 f6 16. Nxg6 hxg6 17. e4 dxe4 18. fxe4 Nd7 19. Rh3 Rd8 20. Ke3 Kf7 21. Rah1 Rh6 22. h5 Rdh8 23. hxg6+ Kxg6 24. Rxh6+ Rxh6 25. Rxh6+ gxh6 26. Bg4 f5 27. Bf3 fxe4 28. Kxe4 Kf6 29. a3 a5 30. Bh5 Ke7 31. Bf3 Kf6 32. Bh5 Ke7 33. Bf3 1/2-1/2

[Event "Dortmund Sparkassen op-B"]
[Site "Dortmund"]
[Date "2008.07.06"]
[Round "9"]
[White "Ziemek, Gerhard"]
[Black "Rohovoy, Dimitrij"]
[Result "1/2-1/2"]
[WhiteElo "1753"]
[BlackElo "1563"]
[PlyCount "62"]
[EventDate "2008.06.30"]
[EventType "swiss"]
[EventRounds "9"]
[EventCountry "GER"]
[SourceTitle "EXT 2022"]
[Source "ChessBase"]
[SourceDate "2021.10.06"]
[SourceVersion "1"]
[SourceVersionDate "2021.10.06"]
[SourceQuality "1"]

1. d4 d5 2. Nc3 Nf6 3. f3 Bf5 4. e4 dxe4 5. fxe4 Bxe4 6. Nxe4 Nxe4 7. Bd3 Nf6 8. Nf3 e6 9. 0-0 Be7 10. Qe1 0-0 11. Bg5 Nbd7 12. Qh4 g6 13. c4 Re8 14. Ne5 Nxe5 15. dxe5 Nh5 16. Bxe7 Qxe7 17. Qe4 c6 18. b3 Rad8 19. Rf3 Rd7 20. Raf1 Qd8 21. Be2 Ng7 22. Rh3 Rd2 23. Kh1 Nf5 24. g4 Nh4 25. Qe3 g5 26. Rf6 Ng6 27. Bd3 Rd1+ 28. Rf1 Rxf1+ 29. Bxf1 Qd1 30. Qf2 Nf4 31. Rf3 Rd8 1/2-1/2

[Event "Dortmund Sparkassen op-B"]
[Site "Dortmund"]
[Date "2008.07.04"]
[Round "7"]
[White "Bauer, Dieter"]
[Black "Rohovoy, Dimitrij"]
[Result "1/2-1/2"]
[WhiteElo "1758"]
[BlackElo "1563"]
[PlyCount "75"]
[EventDate "2008.06.30"]
[EventType "swiss"]
[EventRounds "9"]
[EventCountry "GER"]
[SourceTitle "EXT 2022"]
[Source "ChessBase"]
[SourceDate "2021.10.06"]
[SourceVersion "1"]
[SourceVersionDate "2021.10.06"]
[SourceQuality "1"]

1. d4 Nf6 2. Nf3 e6 3. e3 c5 4. Bd3 d5 5. b3 Bd6 6. 0-0 0-0 7. Bb2 b6 8. Ne5 Bb7 9. Nd2 Nc6 10. a3 Nd7 11. f4 Ndxe5 12. fxe5 Be7 13. Qh5 g6 14. Qh3 Bg5 15. Rf2 Bc8 16. dxc5 bxc5 17. e4 d4 18. Nc4 Ba6 19. Bc1 Bxc4 20. Bxc4 Bxc1 21. Rxc1 Nxe5 22. Rcf1 Nxc4 23. bxc4 Kg7 24. e5 Qg5 25. Qb3 Rab8 26. Qa4 Qe7 27. Qc6 Rb6 28. Qf3 Qb7 29. Qf6+ Kg8 30. h4 h5 31. g4 Qe4 32. Rf4 Qe3+ 33. Kh1 Qh3+ 34. Kg1 Qg3+ 35. Kh1 Qh3+ 36. Kg1 Qg3+ 37. Kh1 Qh3+ 38. Kg1 1/2-1/2

[Event "Dortmund Sparkassen op-B"]
[Site "Dortmund"]
[Date "2008.07.03"]
[Round "5"]
[White "Brand, Thomas2"]
[Black "Rohovoy, Dimitrij"]
[Result "0-1"]
[WhiteElo "1660"]
[BlackElo "1563"]
[PlyCount "56"]
[EventDate "2008.06.30"]
[EventType "swiss"]
[EventRounds "9"]
[EventCountry "GER"]
[SourceTitle "EXT 2022"]
[Source "ChessBase"]
[SourceDate "2021.10.06"]
[SourceVersion "1"]
[SourceVersionDate "2021.10.06"]
[SourceQuality "1"]

1. d4 Nf6 2. Nf3 e6 3. b3 c5 4. e3 Nc6 5. Bb2 d5 6. Nbd2 Bd6 7. c4 b6 8. cxd5 exd5 9. Bb5 Bb7 10. Rc1 a6 11. Bxc6+ Bxc6 12. dxc5 bxc5 13. 0-0 0-0 14. b4 Bb5 15. Re1 cxb4 16. Nb3 Bc4 17. Nbd4 Qd7 18. Nh4 Qg4 19. Ndf3 Ne8 20. h3 Qe4 21. Ng5 Qxh4 22. f4 h6 23. Ne4 dxe4 24. Rxc4 Qe7 25. f5 Be5 26. Qd5 Bxb2 27. Rxe4 Rd8 28. Qc4 Nd6 0-1

[Event "Dortmund Sparkassen op-B"]
[Site "Dortmund"]
[Date "2008.07.01"]
[Round "3"]
[White "Miller, Eduard"]
[Black "Rohovoy, Dimitrij"]
[Result "1-0"]
[WhiteElo "1840"]
[BlackElo "1563"]
[PlyCount "103"]
[EventDate "2008.06.30"]
[EventType "swiss"]
[EventRounds "9"]
[EventCountry "GER"]
[SourceTitle "EXT 2022"]
[Source "ChessBase"]
[SourceDate "2021.10.06"]
[SourceVersion "1"]
[SourceVersionDate "2021.10.06"]
[SourceQuality "1"]

1. e4 c5 2. Nf3 d6 3. Bb5+ Bd7 4. Bxd7+ Qxd7 5. 0-0 Nc6 6. c3 Nf6 7. Qe2 e6 8. d4 cxd4 9. cxd4 Be7 10. Nc3 0-0 11. Bd2 Rac8 12. Rac1 a6 13. b3 b5 14. d5 Ne5 15. Nd4 exd5 16. Nxd5 Nxd5 17. exd5 Rxc1 18. Rxc1 Rc8 19. Nc6 Bf6 20. Qe4 h6 21. f4 Nxc6 22. dxc6 Qe6 23. Qxe6 fxe6 24. c7 e5 25. g3 e4 26. Rc6 Bd4+ 27. Kf1 Bc5 28. Ba5 b4 29. Rxa6 Kf7 30. Bb6 Bxb6 31. Rxb6 Rxc7 32. Rxd6 Rc1+ 33. Ke2 Rc2+ 34. Rd2 Rc3 35. Kd1 Ke6 36. Rc2 Kd5 37. Rd2+ Rd3 38. Rxd3+ exd3 39. Kd2 Kd4 40. f5 h5 41. h3 Ke4 42. g4 hxg4 43. hxg4 Kf4 44. Kxd3 Kxg4 45. Ke4 Kg5 46. Ke5 Kg4 47. f6 gxf6+ 48. Kxf6 Kf4 49. Ke6 Ke4 50. Kd6 Kd4 51. Kc6 Kd3 52. Kc5 1-0

[Event "Ruhrgebiet VK3 0708"]
[Site "Germany"]
[Date "2007.10.21"]
[Round "2.8"]
[White "Kordt, Peter"]
[Black "Rohovoy, Dimitrij"]
[Result "1/2-1/2"]
[WhiteElo "1641"]
[BlackElo "1612"]
[PlyCount "75"]
[EventDate "2007.09.16"]
[EventType "team-tourn"]
[EventRounds "9"]
[EventCountry "GER"]
[SourceTitle "EXT 2009"]
[Source "ChessBase"]
[SourceDate "2008.11.26"]
[SourceVersion "1"]
[SourceVersionDate "2008.11.26"]
[SourceQuality "1"]
[WhiteTeam "Buer"]
[BlackTeam "Bergh Wambel"]
[WhiteTeamCountry "GER"]
[BlackTeamCountry "GER"]

1. e4 c5 2. Nf3 Nc6 3. d4 cxd4 4. Nxd4 Nf6 5. Nc3 e6 6. Bg5 Be7 7. Qd2 a6 8. 0-0-0 0-0 9. f4 Nxd4 10. Qxd4 b5 11. e5 Ne8 12. Qe4 Bxg5 13. fxg5 Qxg5+ 14. Kb1 Rb8 15. Bd3 g6 16. h4 Qe7 17. h5 f5 18. Qe3 g5 19. h6 Bb7 20. Rh5 g4 21. Qg3 Bc6 22. Ne2 Bd5 23. Nf4 Bc4 24. Qe3 Rc8 25. b3 Bxd3 26. Qxd3 Rf7 27. Qg3 b4 28. Rd3 Nc7 29. c4 a5 30. Rh1 Na6 31. Nh5 Nc5 32. Rd4 Ne4 33. Rxe4 fxe4 34. Qxg4+ Kh8 35. Nf6 Rxf6 36. exf6 Qxf6 37. Qxe4 Qg6 38. Qxg6 1/2-1/2